| 000 | 00679nam a2200205 ar4500 | ||
|---|---|---|---|
| 001 | 2433 | ||
| 005 | 20221127090435.0 | ||
| 008 | 110201s xxka 00010|eng d | ||
| 020 |
_a9781405813402 : : _cSR80.00 |
||
| 082 | 0 | 4 |
_a428.2402465 _bR632 2006 |
| 100 | 1 | _aRogers, John. | |
| 245 | 1 | 0 |
_aMarket leader : _bupper intermediate business English practice file / _cJohn Rogers. |
| 250 | _aNew ed. | ||
| 260 |
_aHarlow, England : _bPearson/Financial Times, _c2006. |
||
| 300 |
_a112 p. ; _c30 cm. _e1 CD. |
||
| 500 | _aPrev. ed. : 2001. | ||
| 650 | 4 |
_aEnglish language _xBusiness English. |
|
| 650 | 4 |
_aEnglish language _xStudy and teaching. |
|
| 650 | 4 |
_aEnglish language _vTextbooks. |
|
| 999 |
_c2431 _d2431 |
||